| 000 | 01202nam a2200325 i 4500 | ||
|---|---|---|---|
| 005 | 20220317001740.0 | ||
| 007 | ta | ||
| 008 | 210920s2014 sp ao jr 000 0 spa d | ||
| 020 | _a9788434224063 (volumen 3) | ||
| 020 | _a9788434224346 (Obra completa) | ||
| 040 |
_aCO-BoRNBP _bspa _erda _cCO-BoRNBP |
||
| 041 | 0 | _aspa | |
| 082 | 0 | 4 |
_a372.87 _bC11m1 _222 |
| 100 | 1 |
_aCabacés, Roser _eautor |
|
| 245 | 1 | 3 |
_aLa música se mueve _ctextos Roser Cabacés y Elisabet Vilaplana ; ilustraciones Anna Clariana |
| 250 | _aNovena edición | ||
| 264 | 1 |
_aBadalona _bParramón Paidotribo _c2014 |
|
| 300 |
_a80 páginas _bilustraciones y fotografías a color _c31 cm |
||
| 336 |
_atexto _btxt _2rdacontent |
||
| 337 |
_asin mediación _bn _2rdamedia |
||
| 338 |
_avolumen _bnc _2rdacarrier |
||
| 490 | 0 | _aVivamos la música, 3 : leer, jugar, escuchar y aprender | |
| 521 | _aRecomendado para un público mayor de 12 años | ||
| 650 | 1 | 7 |
_aApreciación musical _xEnseñanza elemental _2ARMARC |
| 650 | 1 | 7 |
_aEstética musical _2ARMARC |
| 650 | 1 | 7 |
_aExpresión artística infantil _2ARMARC |
| 700 | 1 |
_aVilaplana, Elisabet _dAutor _9146749 |
|
| 700 | 1 |
_aClariana, Anna _d1958- _eIlustrador _9191950 |
|
| 942 |
_2ddc _cBK |
||
| 999 |
_c7959 _d7959 |
||